00591 2200205 4500001002100000005001500021035002000036007000300056008004100059020002200100082001000122084001600132100001300148245010400161260004200265300003100307650001200338700002300350990001200373INLIS00000000001751620241017023335 a0010-1024000244ta241017 a 0 ind  a978-623-216-495-6 a398.2 a398.2 DIA f0 aDIAN, K.1 aFabel 34 Provinsi :bBengkulu - Madu terakhir si beruang madu /cDian K.; editor, Dinda Mustikasari aJakarta :bBhuana Ilmu Populer,c2019 a32 hal. :bilus. ;c20 cm. 4aDONGENG0 aDINDA, Mustikasari a12332 a